Movies by release date 80's & 90's - Statistics

General Stats
  • This quiz has been taken 97 times
  • The average score is 9 of 20
Answer Stats
Movie Year % Correct
Back to the Future 1985
95%
E.T. 1982
66%
Pulp Fiction 1994
66%
Terminator 2: Judgment Day 1991
65%
Shawshank Redemption 1994
63%
Saving Private Ryan 1998
59%
Forrest Gump 1994
46%
Schindler's List 1993
44%
Se7en 1995
44%
Silence of the Lambs 1991
40%
Scarface 1983
38%
The Lion King 1994
38%
The Green Mile 1999
38%
The Matrix 1999
37%
Rambo: First Blood 1982
35%
American Beauty 1999
35%
Full Metal Jacket 1987
29%
Trainspotting 1996
24%
Casino 1995
20%
Once Upon a Time in America 1984
15%
No matching quizzes found
Score Distribution
Percent of People with Each Score
Percentile by Number Answered
Your Score History
You have not taken this quiz